000 06190nas a22002897a 4500
003 NALT
005 20250528152736.0
006 a|||p|r|||| 00| 0
007 ta
008 250528b th |||p| |||| 00| 0 tha d
040 _aNALT
041 _atha
245 0 0 _aนิติศาสตร์ มหาวิทยาลัยธรรมศาสตร์ ปีที่ 17 ฉบับที่ 1-4 (มี.ค.-ธ.ค. 2530)
260 _aคณะนิติศาสตร์ มหาวิทยาลัยธรรมศาสตร์
310 _aรายสามเดือน
500 _aวารสารเย็บเล่ม
505 2 _aปีที่ 17 ฉบับที่ 1 มี.ค. 2530 -- การอภัยโทษทางภาษีอากร -- การยกเว้นและลดอัตราภาษีการค้าตามที่ปรับปรุงใหม่ -- ระบบเครดิตภาษีเงินปันผลตามมาตรา 47 ทวิ แห่งประมวลรัษฎากร -- ภาษีเงินได้กับการซื้อขายหุ้นในตลาดหลักทรัพย์ -- มาตรการทางศุลกากรในการส่งเสริมการส่งออก -- การได้มาโดยทางพินัยกรรมเป็นการได้มาโดยทางนิติกรรมหรือไม่ -- นิติเวชศาสตร์ ความหมาย ประวัติ และขอบเขต -- ว่าด้วยกฎหมายระหว่างประเทศทางเศรษฐกิจ -- ปัญหากฎหมายว่าใครเป็นผู้อำนาจอนุญาตให้แพทย์ทำการผ่าศพตรวจ -- กฎหมายอวกาศกับโลกที่สาม (ต่อ).
_aปีที่ 17 ฉบับที่ 2 มิ.ย. 2530 -- การชดใช้ค่าสินไหมทดแทนความเสียหายจากการผิดสัญญา : ศึกษาในเชิงเศรษฐศาสตร์ประยุกต์ -- ปัญหาเวลาในการบอกล้างโมฆียกรรมของผู้เยาว์ -- ละเมิดในแวดวงคอมพิวเตอร์ -- ปัญหาในกฎหมายประกันภัย -- หลักเกณฑ์การแบ่งกำไรในห้างหุ้นส่วนสามัญและห้างหุ้นส่วนจำกัด -- การครอบครองปรปักษ์ : ชื่อที่อาจทำให้หลงผิด -- หย่าเพราะทิ้งร้าง -- หลักเกี่ยวกับการจ่ายค่าเลี้ยงชีพในกฎหมายครอบครัวไทย -- ปัญหาบางประการในทางกฎหมายเกี่ยวกับการเปลี่ยนแปลงค่าของเงินตามกฎหมายอังกฤษ -- ความวิปริตของความยินยอมให้ทำการ -- เงื่อนไขเกี่ยวกับอายุของผู้รับบุตรบุญธรรม -- การจ่ายเงินทดแทนแก่ผู้สมัครเข้ารับการทดลองกับความรับผิดเด็ดขาดต่อผลิตภัณฑ์ (ของตน) เป็นหลักการที่ปรากฏในกฎหมายยาฉบับใหม่ของเยอรมัน -- กฎหมายอวกาศกับโลกที่สาม (ต่อ).
_aปีที่ 17 ฉบับที่ 3 ก.ย. 2530 -- กฎหมายเลือกตั้งเยอรมัน -- การกระทำทางปกครอง -- อำนาจฟ้องคดีปกครอง -- ระบบศาลยุติธรรมของประเทศญี่ปุ่น -- อะไรคืออนุญาโตตุลาการต่างประเทศ วิเคราะห์ มาตรา 28 พระราชบัญญัติอนุญาโตตุลาการ พ.ศ. 2530 -- การกระทำของแพทย์ต่อร่างกายผู้ป่วย (ในขอบเขตของการประกอบวิชาชีพ) กับความผิดฐานทำร้ายร่างกาย.
_aปีที่ 17 ฉบับที่ 4 ธ.ค. 2530 -- การสืบราชสมบัติ : ศึกษาจากกฎหมายตราสามดวงและราชประเพณี -- โครงการสงครามอวกาศ (STAR WARS): ปัญหาความชอบด้วยกฎหมาย -- กฎหมาย ว่าด้วยการกักเรือ -- การประกันภัยทางทะเล -- ลิขสิทธิ์ซอร์ฟแวร์ของสหรัฐอเมริกา -- ผู้ป่วยจิตเวช : ความเข้าใจที่ต่างกันระหว่างนักกฎหมายกับจิตแพทย์.
650 4 _aประกันภัยทางทะเล
_931955
650 0 _aการครอบครองปรปักษ์
_960502
650 4 _aการกักเรือ
_955681
650 4 _aกฎหมายเลือกตั้ง
_zเยอรมัน
_940174
850 _aNALT
866 _aปีที่ 17 ฉบับที่ 1-4 (มี.ค.-ธ.ค. 2530)
942 _cBOUND
996 _aaroonthip.c
_bLIBSTF
_c2025-05-28
999 _c106678
_d106678
998 _h179
_j179
_k นางสาวอรุณทิพย์ จันทร์ดิษฐ์